Asian Geography by Letter - Q - Statistics

General Stats
  • This quiz has been taken 81 times
  • The average score is 7 of 20
Answer Stats
Hint Answer % Correct
Country which hosted the 2022 FIFA World Cup Qatar
98%
First dynasty of Imperial China Qin
97%
Last dynasty of Imperial China Qing
92%
Central religious text of Islam Quran
82%
Iranian city of 1.2 million that is the largest centre of Shia Muslim scholarship in the world Qom
73%
Largest city in the Philippines; located in the Manila metro area Quezon City
70%
Chinese city of 7 million on the coast of the Yellow Sea Qingdao
64%
Capital of Balochistan, Pakistan Quetta
47%
Romanization of the Kazakh name for Kazakhstan Qazaqstan
23%
Largest island of Iran, and largest island in the Persian Gulf Qeshm
18%
Largest and westernmost province of China Qinghai
17%
City of 4 million in northeastern China, known for its population of red-crowned cranes Qiqihar
17%
Caves where the Dead Sea Scrolls were discovered Qumran
17%
Dynasty that ruled Iran from 1789-1925 Qajar
9%
Chinese city on the Bohai Sea where the eastern end of the Ming Great Wall is located Qinhuangdao
6%
Coal mining city of 500,000 in Kazakhstan Qaraghandy
5%
Battle fought in 853 BC between the Assyrian Empire and an alliance of 12 kings from the Levant and Arabia; thought to be larger than any previous battle in history Battle of Qarqar
3%
Tallest mountain in Lebanon Qurnat as Sawda'
2%
Ancient Syrian city that was an important trading centre and had one of the largest royal palaces in Bronze Age Syria Qatna
0%
Region of southern Kazakhstan which includes the Aral Sea Qyzylorda
0%
No matching quizzes found
Score Distribution
Percent of People with Each Score
Percentile by Number Answered
Your Score History
You have not taken this quiz